SIAM journal on applied mathematics
Αποθηκεύτηκε σε:
| Συγγραφή απο Οργανισμό/Αρχή: | |
|---|---|
| Μορφή: | Περιοδική έκδοση |
| Γλώσσα: | English |
| Δημοσίευση: |
Philadelphia :
Society for Industrial and Applied Mathematics,
c1966-
|
| Θέματα: | |
| Ετικέτες: |
Προσθήκη ετικέτας
Δεν υπάρχουν, Καταχωρήστε ετικέτα πρώτοι!
|
MARC
| LEADER | 00000cas a2200000 i 4500 | ||
|---|---|---|---|
| 001 | 1/98810 | ||
| 008 | 000124c19669999us eng | ||
| 022 | |a 00361399 | ||
| 035 | |l 10056647 | ||
| 040 | |a GR-MY-UA |b gre |e aacr | ||
| 041 | 0 | |a eng | |
| 082 | 0 | |a 510.5 | |
| 245 | 1 | 0 | |a SIAM journal on applied mathematics |h [περιοδικό] / |c Society for Industrial and Applied Mathematics. |
| 260 | |a Philadelphia : |b Society for Industrial and Applied Mathematics, |c c1966- | ||
| 300 | |a τ. : |b εικ. ; |c 26 εκ. | ||
| 310 | |a Διμηνιαίο | ||
| 650 | 0 | 0 | |a Mathematics |x Periodicals. |
| 710 | 2 | |a Society for Industrial and Applied Mathematics. | |
| 853 | |a INST |b CHIOS |c SER |h 510.5 | ||
| 901 | |a BIBL2-2004-1 | ||
| 922 | |a 2ΕΛΗ |b 198802 |c ΚΕΝΤΡΙΚΗ ΒΙΒΛΙΟΘΗΚΗ |d SWETS | ||
| 970 | |a ΣΠΕΝΤΖΑ |b ΕΛΕΝΗ |z 2004/03/26 | ||